[Event "74th RUS-ch Superfinal 2021"]
[Site "Ufa"]
[Date "2021.10.20"]
[Round "11.1"]
[White "Esipenko, Andrey"]
[Black "Matlakov, Maxim"]
[Result "1/2-1/2"]
[WhiteElo "2720"]
[BlackElo "2682"]
[Annotator "TA"]
[PlyCount "130"]
[EventDate "2021.10.09"]
[EventType "tourn"]
[EventCountry "RUS"]
[SourceTitle "playchess.com"]
[Source "ChessBase"]
[SourceQuality "1"]

{[%evp 15,130,3,23,5,20,-1,12,17,8,12,11,21,8,7,31,30,34,13,15,11,0,0,18,-19,-19,-42,0,0,22,0,0,0,0,0,0,0,53,27,27,27,27,27,25,6,8,14,44,45,35,7,8,0,36,33,56,0,47,39,71,6,18,8,45,0,0,0,5,6,11,11,11,11,12,12,11,0,0,0,0,0,0,0,0,0,0,0,0,0,0,0,0,0,12,0,81,44,44,44,44,44,44,44,44,44,44,44,44,44,44,44,44,-8,-8,-8,-8,-8,-8]} 1. c4 Nf6 2. Nc3 e5 3. Nf3 Nc6 4. g3 d5 5. cxd5 Nxd5 6. Bg2 Bc5 7. O-O O-O 8. d3 h6 9. Nxd5 {A29: English Opening: Four Knights Variation with 4 g3.} Qxd5 10. Bd2 a5 11. Bc3 {With the idea Nxe5.} Qe6 {[#]} 12. a3 $146 ({Predecessor:} 12. Qb3 Qe7 13. e3 a4 14. Qc4 Be6 15. Qe4 f5 16. Qh4 Qxh4 17. Nxh4 Rfd8 18. Rfd1 {½-½ (30) Artemiev,V (2699)-Vachier Lagrave,M (2763) chess24.com INT 2021}) 12... a4 13. Rc1 Rd8 14. Nd2 Bb6 15. Nc4 Bd4 16. Qc2 Bxc3 17. Qxc3 Nd4 18. Rfe1 f6 19. e3 Nb3 20. Rcd1 Qf7 21. h3 Qh5 22. g4 Qf7 23. Nd2 Nxd2 24. Rxd2 c6 25. d4 exd4 (25... Be6 $11) 26. Rxd4 Rxd4 27. Qxd4 Be6 28. Rd1 f5 29. gxf5 Qxf5 30. Rd2 Kh8 31. Kh2 Kg8 32. Qb6 Qf7 33. Qd4 Qc7+ 34. f4 Ra5 35. Rf2 ({Better is} 35. Bf3 $14) 35... Bd5 36. e4 Be6 37. Kg1 (37. e5 $16) 37... Ra8 38. Bf1 c5 39. Qc3 Rd8 40. f5 Bb3 41. f6 {Hoping for Rg2.} Rd4 42. Rg2 g5 43. h4 Qf4 44. hxg5 hxg5 45. Qxc5 Qe3+ 46. Kh2 Qf4+ {[%mdl 64] [#] Double Attack} 47. Kg1 Qe3+ 48. Rf2 Qg3+ 49. Bg2 Rd1+ 50. Rf1 Rxf1+ 51. Kxf1 Qf4+ 52. Ke2 Qxf6 53. e5 Qe6 (53... Qf5 {seems wilder.} 54. Bxb7 Qg4+ 55. Bf3 Bd1+ 56. Kxd1 Qxf3+ 57. Kd2 Qf4+) 54. Bxb7 Kf7 (54... Qg4+ $11 {remains equal.} 55. Bf3 Bd1+ {[%mdl 64] Decoy} 56. Kxd1 Qxf3+ 57. Kd2 g4) 55. Qc7+ (55. Bc8 {is more complex.} Qc4+ 56. Qxc4+ Bxc4+ 57. Ke3 Bd5 58. Bd7) 55... Qe7 56. Qxe7+ Kxe7 $14 {[%mdl 4096] Endgame KB-KB} 57. Ke3 Ke6 58. Ke4 {[#] Threatens to win with Bc8+.} Bc2+ 59. Kd4 Kf5 60. Bc8+ Kf4 $1 61. e6 g4 62. e7 Bg6 63. Bxg4 Kxg4 $11 {The position is equal.} 64. b3 axb3 {( -> ...b2)} 65. Kc3 Kf5 {Weighted Error Value: White=0.11/Black=0.12} 1/2-1/2

[Event "74th RUS-ch Superfinal 2021"]
[Site "Ufa"]
[Date "2021.10.20"]
[Round "11.2"]
[White "Rakhmanov, Aleksandr"]
[Black "Vitiugov, Nikita"]
[Result "1/2-1/2"]
[WhiteElo "2657"]
[BlackElo "2727"]
[Annotator "TA"]
[PlyCount "63"]
[EventDate "2021.10.09"]
[EventType "tourn"]
[EventCountry "RUS"]
[SourceTitle "playchess.com"]
[Source "ChessBase"]
[SourceQuality "1"]

{[%evp 11,63,-3,18,0,6,0,0,-10,-16,-13,-6,-2,47,14,12,8,32,0,4,-22,0,0,25,0,0,0,1,0,0,0,0,0,0,0,0,0,0,0,0,-3,-3,-16,0,-19,0,-15,0,-112,0,-133,2,-94,13,5]} 1. d4 Nf6 2. Nf3 d5 3. Bf4 c5 4. e3 Nc6 5. Nbd2 e6 6. c3 cxd4 7. cxd4 {D02: 1 d4 d5 2 Nf3 sidelines, including 2...Nf6 3 g3 and 2...Nf6 3 Bf4.} Nh5 $1 {[%mdl 4] is more profitable than 7...Bd6 at the moment.} 8. Be5 f6 9. Bg3 g6 10. Bd3 Be7 11. a3 a5 {[#]} 12. Rc1 $146 ({Predecessor:} 12. Nb1 O-O 13. Nc3 Bd7 14. Qe2 a4 15. O-O Na5 16. e4 dxe4 17. Nxe4 Nb3 18. Rad1 {1-0 (58) Shuvalova,P (2510)-Salimova,N (2362) Struga 2021}) 12... O-O 13. O-O Qb6 14. Rc3 Bd7 15. Qb3 Qxb3 16. Nxb3 Rfc8 17. Nc5 Bxc5 18. Rxc5 b6 19. Rc3 Nxg3 20. hxg3 Ne7 21. Rfc1 Rxc3 22. Rxc3 Rc8 23. Rxc8+ Nxc8 $11 {[%mdl 4096] Endgame KBN-KBN} 24. Kf1 Nd6 25. Ke2 Kg7 26. Nd2 g5 27. f3 Bc6 28. Kf2 e5 29. e4 (29. g4 $11 {keeps the balance.}) 29... dxe4 (29... exd4 $17 30. Ke2 h5 31. exd5 Bxd5) 30. Bxe4 (30. dxe5 $11 {was the only way to keep the balance.} fxe5 31. Bxe4 Nxe4+ 32. Nxe4) 30... Bb5 ({Black should try} 30... Nxe4+ $17 31. Nxe4 Bxe4 32. fxe4 exd4) 31. g4 (31. dxe5 $11 fxe5 32. g4) 31... h6 (31... exd4 $17 32. Bb1 Bc4) 32. Ke3 {Weighted Error Value: White=0.35/Black=0.30} 1/2-1/2

[Event "74th RUS-ch Superfinal 2021"]
[Site "Ufa"]
[Date "2021.10.20"]
[Round "11.3"]
[White "Chigaev, Maksim"]
[Black "Alekseenko, Kirill"]
[Result "1/2-1/2"]
[WhiteElo "2639"]
[BlackElo "2710"]
[Annotator "TA"]
[PlyCount "41"]
[EventDate "2021.10.09"]
[EventType "tourn"]
[EventCountry "RUS"]
[SourceTitle "playchess.com"]
[Source "ChessBase"]
[SourceQuality "1"]

{[%evp 31,41,0,0,0,0,0,0,0,0,0,0,0]} 1. e4 c5 2. Nf3 d6 3. d4 cxd4 4. Nxd4 Nf6 5. Nc3 a6 6. Bg5 e6 7. f4 Qb6 8. Qd2 Qxb2 9. Rb1 Qa3 10. f5 Nc6 11. fxe6 fxe6 12. Nxc6 bxc6 13. Be2 Be7 14. O-O O-O 15. Rb3 Qc5+ 16. Be3 Qe5 {The position is equal.} 17. Bd4 {B97: Sicilian Najdorf: Poisoned Pawn.} Qa5 ({Avoid the trap} 17... Nxe4 $2 18. Rxf8+ Bxf8 19. Nxe4 $18) 18. Bb6 Qe5 19. Bd4 Qa5 {[#]} ({Not} 19... Nxe4 $2 20. Rxf8+ Bxf8 21. Nxe4 $18) 20. Bb6 $146 ({Predecessor:} 20. Kh1 Nd7 21. Rxf8+ Bxf8 22. Rb1 Be7 23. Bc4 Ne5 24. Bb3 Bd7 25. Qe3 Bf6 26. Bb6 Ng4 27. Bxa5 Nxe3 {0-1 (40) Tukhaev,A (2550)-Blomqvist,E (2449) Sweden 2010}) 20... Qe5 21. Bd4 {A rather calm draw.  Weighted Error Value: White=0.00/Black=0.00} 1/2-1/2

[Event "74th RUS-ch Superfinal 2021"]
[Site "Ufa"]
[Date "2021.10.20"]
[Round "11.4"]
[White "Predke, Alexandr"]
[Black "Motylev, Alexander"]
[Result "1/2-1/2"]
[WhiteElo "2666"]
[BlackElo "2624"]
[Annotator "TA"]
[PlyCount "80"]
[EventDate "2021.10.09"]
[EventType "tourn"]
[EventCountry "RUS"]
[SourceTitle "playchess.com"]
[Source "ChessBase"]
[SourceQuality "1"]

{[%evp 9,80,19,8,16,19,4,17,5,18,14,23,8,25,18,21,22,33,0,24,0,0,0,0,3,16,13,12,0,33,22,15,31,35,43,51,46,48,56,40,25,25,27,39,42,58,0,0,-9,-11,-8,-3,-20,-26,-28,-22,-26,-31,-47,-29,-63,-14,-14,-14,-10,-13,-14,-10,-14,0,0,0,0,0]} 1. d4 d5 2. c4 c6 3. Nf3 Nf6 4. Qc2 g6 5. e3 Bg7 6. Be2 {D11: Slav Defence: 3 Nf3 sidelines and 3...Nf6 4 e3 Bg4.} O-O 7. O-O Bf5 8. Qb3 Qb6 9. Nc3 Nbd7 10. h3 h6 {[#]} 11. cxd5 $146 ({Predecessor:} 11. Bd2 Rfe8 12. Qxb6 Nxb6 13. c5 Nbd7 14. g4 Be4 15. Ne5 g5 16. f4 Bh7 17. Nf3 {1-0 (41) Dovzik,J (2422)-Knechtel,R (2299) Aschach 2006}) 11... Qxb3 12. axb3 Nxd5 13. Bd2 N5b6 14. b4 a6 15. Rfc1 Nf6 16. Be1 Rad8 17. Nd2 Rfe8 18. Nb3 e5 19. dxe5 $1 Rxe5 20. Na5 Bc8 {[#]} 21. Bxa6 $1 bxa6 22. Nxc6 {[%mdl 64] Double Attack} Ree8 {Hoping for ...Rd3.} 23. Nxd8 Rxd8 24. b5 axb5 25. Nxb5 Nfd5 26. Rd1 {aiming for Nc7.} Bd7 27. Ba5 Rb8 $11 ({Wrong is} 27... Bxb2 $2 {[#]} 28. Rab1 $1 $18) 28. Nc3 Be6 29. Rac1 Kh7 30. Nxd5 Nxd5 31. Rc5 Nf6 32. b4 Bf8 33. Rcc1 Nd5 34. Rd4 Nxb4 (34... Rb5 {is interesting.} 35. g4 Be7 36. Kf1 h5 37. Ke2 Kh6) 35. Rb1 {[%cal Rb1b4] The position is equal.} Nc6 36. Rxb8 Nxb8 37. Rd8 Nd7 38. Bc3 Bg7 39. Bxg7 Kxg7 40. h4 h5 {Weighted Error Value: White=0.05/Black=0.08} 1/2-1/2

[Event "74th RUS-ch Superfinal 2021"]
[Site "Ufa"]
[Date "2021.10.20"]
[Round "11.5"]
[White "Fedoseev, Vladimir"]
[Black "Ponkratov, Pavel"]
[Result "0-1"]
[WhiteElo "2704"]
[BlackElo "2659"]
[Annotator "TA"]
[PlyCount "166"]
[EventDate "2021.10.09"]
[EventType "tourn"]
[EventCountry "RUS"]
[SourceTitle "playchess.com"]
[Source "ChessBase"]
[SourceQuality "1"]

{[%evp 9,166,24,33,-28,8,0,0,0,-9,-12,-6,-18,-8,-16,-8,-27,-17,-86,-16,-14,-16,-13,-16,-14,0,-5,30,28,6,-109,-98,-101,-111,-93,-109,-108,32,29,25,15,28,0,0,0,94,64,83,11,33,-13,18,45,52,46,45,50,30,62,28,21,25,42,62,0,5,-8,0,0,0,0,0,0,0,0,42,73,568,14,13,13,19,0,0,-129,-130,-137,-131,-420,-420,-419,-419,-415,-414,-409,-399,-400,-373,-378,-337,-452,-450,-542,-568,-548,-561,-583,-570,-591,-547,-986,-2235,-29972,-29973,-29963,-867,-1714,-1714,-1212,-1067,-960,-935,-858,-739,-29963,-29963,-29961,-29957,-29972,-29968,-29968,-29969,-29972,-29973,-29973,-29974,-29974,-29975,-29974,-29976,-29980,-29978,-29977,-29975,-29975,-29976,-29981,-29982,-29982,-29981,-29982,-29983,-29983,-29984,-29985,-29982,-29982,-29983,-29990,-29991]} 1. d4 Nf6 2. c4 g6 3. Bg5 Bg7 4. Nc3 h6 5. Bd2 d6 {[#]} 6. g3 $146 {E61: King's Indian: Early deviations for White, including Smyslov System.} (6. e4 $14) ({Predecessor:} 6. Nf3 O-O 7. e3 Nbd7 8. Be2 e5 9. d5 a5 10. e4 Nc5 11. Qc2 Bd7 12. O-O Ne8 {0-1 (32) Simic,A (1671)-Golub,N (1418) Budva 2013}) 6... c5 (6... e5 $5 {[%cal Re5d4]}) 7. d5 e6 8. Bg2 {The position is equal.} exd5 9. cxd5 O-O 10. Qc1 Kh7 11. Nf3 Re8 12. O-O Na6 13. Bf4 (13. Re1 $11) 13... Bf5 ({Black should try} 13... Nc7 $1 $17 14. Nd2 g5) 14. Nd2 $11 g5 15. e4 Bg6 16. Be3 Ng4 17. Nc4 Nxe3 18. Nxe3 c4 19. f4 (19. Qd2 $11 {keeps the balance.}) 19... gxf4 $1 $17 20. gxf4 Nc5 $1 21. f5 Bh5 22. Nxc4 Qf6 (22... Rc8 $1 $17 23. f6 Bxf6) 23. Kh1 $14 Rac8 24. Qe3 b5 25. Na5 b4 26. Nb5 {Strongly threatening Rae1.} Qh4 (26... Rb8 $11 27. Nxa7 Qxb2) 27. Rf4 (27. Nxd6 $2 Be5 $19) 27... Qg5 28. h4 ({Much worse is} 28. Nxd6 $6 Be5 $11) (28. f6 $1 $16 Bxf6 29. h4) 28... Qf6 $11 29. Nc6 a6 30. Nbd4 Rxc6 31. Nxc6 Qxb2 32. Re1 Qc3 33. f6 Nd3 $1 {[%cal Rd3e1]} 34. Ref1 ({Worse is} 34. fxg7 Nxf4 35. e5 Kxg7 $17) 34... Nxf4 35. Qxf4 Bf8 36. Kh2 ({Better is} 36. Rc1 $14 Qb2 37. Rg1) 36... Bg6 $1 37. Qg4 h5 38. Qd7 Ra8 39. Qb7 Re8 40. Qd7 ({Avoid the trap} 40. Nxb4 $2 Qd2 $19) 40... Ra8 41. e5 dxe5 {White must now prevent ...e4.} 42. Ne7 $1 {[%cal Re7g6]} Bd3 {[%mdl 8192]} (42... Kh8 $16 {is a better chance.}) 43. Rf5 $2 Bh6 {...Bf4+ is the strong threat.} 44. Rxh5 {Threatening mate with Nf5.} Qd2 {Hoping for ...Qd1.} 45. Nf5 Qf4+ 46. Kh3 {[#]} (46. Kg1 $11 Qc1+ 47. Kh2 Qf4+ 48. Kh1 Qc1+ 49. Kh2 Qf4+) 46... Ra7 $3 $40 {[%cal Ra7d7][%mdl 640] Black wants a kill.} 47. Qc8 {[#]} Rc7 $1 {[%cal Rc7c8][%mdl 512]} 48. Rxh6+ $2 {[%mdl 8192]} (48. Qxc7 $17 {was the only chance.} Bxf5+ 49. Rxf5 Qxf5+ {[%mdl 64] Double Attack} 50. Kg3 Qg6+ 51. Kh3 Qf5+ 52. Kg3 Qf4+ 53. Kh3 Qf5+) 48... Qxh6 $19 49. Qxc7 Bxf5+ 50. Kh2 Qxh4+ 51. Kg1 Qd4+ 52. Kh2 Kg6 53. d6 e4 {aiming for ...e3.} 54. Qd8 {intending Qg8+.} Qxf6 55. Qg8+ Qg7 56. Qb8 Qe5+ 57. Kg1 Qd4+ 58. Kh2 Kg7 59. Qd8 Qf6 (59... Qd2 $142 60. Qh4 Qxd6+ 61. Kg1 Qd4+ 62. Kh2 Qe5+ 63. Kg1 Qa1+ 64. Bf1 Qxa2) 60. Qb6 Qe5+ 61. Kg1 a5 (61... e3 $142 62. Qxb4 Qa1+ {[%mdl 64] Double Attack} 63. Kh2 e2 64. Bf3 e1=Q 65. Qxe1 Qxe1 66. Ba8 Qf2+ 67. Kh1 Kf6 68. Bc6 Ke5 69. d7 {[#]} Bxd7 $1 {[%mdl 512]} 70. Bxd7 Kf4 71. Bc8 Kg3 72. Bxa6 Qh2#) 62. Qd8 Qd4+ 63. Kh2 e3 {( -> ...Qf4+)} 64. Qg5+ Bg6 {And now ...e2 would win.} 65. d7 Qxd7 66. Qxe3 Qd6+ {Black mates.} 67. Kg1 a4 68. Bf1 Qf6 69. Bc4 Qc3 70. Qf4 b3 71. axb3 axb3 72. Bxb3 Qxb3 73. Qd4+ f6 74. Qd7+ Qf7 75. Qd6 Be4 76. Kf2 Qd5 77. Qe7+ Kg6 78. Qb4 Kf5 79. Kg3 Qe5+ 80. Kh3 Kg6 81. Qb3 Qh5+ 82. Kg3 Qg5+ 83. Kf2 Qd2+ {Quite a comeback for Black.  Weighted Error Value: White=0.66/Black=0.20} 0-1

[Event "74th RUS-ch Superfinal 2021"]
[Site "Ufa"]
[Date "2021.10.20"]
[Round "11.6"]
[White "Goryachkina, Aleksandra"]
[Black "Andreikin, Dmitry"]
[Result "1/2-1/2"]
[WhiteElo "2602"]
[BlackElo "2728"]
[Annotator "TA"]
[PlyCount "47"]
[EventDate "2021.10.09"]
[EventType "tourn"]
[EventCountry "RUS"]
[SourceTitle "playchess.com"]
[Source "ChessBase"]
[SourceQuality "1"]

{[%evp 9,47,25,25,23,36,31,41,37,35,29,31,6,39,33,144,144,148,144,151,140,152,143,148,150,145,130,137,129,158,0,0,0,0,0,0,0,0,0,0,0]} 1. d4 g6 2. e4 Bg7 3. c4 e6 4. Nc3 Ne7 5. Nf3 d5 6. e5 {A40: Unusual replies to 1 d4.} O-O 7. Bg5 dxc4 8. Bxc4 {White is slightly better.} h6 9. Be3 Nf5 {[#]} 10. Qd2 $146 ({Predecessor:} 10. Qe2 c5 11. dxc5 b6 12. Rd1 Qe7 13. Bd3 Nxe3 14. Qxe3 bxc5 15. Be4 Bb7 16. O-O {½-½ (23) Evans,C (2300)-Burmeister,F (2270) ICCF email 2017}) 10... b6 (10... c5 $5) 11. Bd3 Bb7 (11... Nxe3 $14 12. fxe3 Nc6) 12. Bxf5 $16 exf5 13. Bxh6 Bxh6 14. Qxh6 Bxf3 15. gxf3 Qxd4 16. f4 Nc6 17. Rg1 $1 {Hoping for Rd1.} Rfd8 {[#] Strongly threatening ...Qd2+.} 18. Rg3 $1 Nb4 {[#] Threatens to win with ...Nd3+.} 19. Rxg6+ $1 {[%mdl 512]} fxg6 $11 {The position is equal.} 20. Qxg6+ {[%mdl 64] Double Attack} Kh8 {aiming for ...Nd3+.} 21. Qh6+ Kg8 22. Qg6+ Kh8 {...Nd3+ is the strong threat.} 23. Qh6+ Kg8 24. Qg6+ {Blacks defense is rewarded with a draw.  Weighted Error Value: White=0.12/Black=0.19} 1/2-1/2